00393nam a2200169Ia 4500008004100000020001800041050001400059100001700073245002300090245002000113260001500133260001700148260000900165300001400174300002500188300001000213180207s9999 xx 000 0 und d a9789810738624 bW177 2008 aWalker, Anna aI love birthdays / cby Anna Walker. aNew York : bScholastic,  c2008 aunpaged : bcolor illustration ; c19cm.